000 01154nam a2200289 a 4500
001 ebr10498856
003 CaPaEBR
006 m u
007 cr cn|||||||||
008 111025s2006 nyua s 000 0beng d
020 _z9781932714241
020 _z1932714243
020 _z9781611210200 (e-book)
040 _aCaPaEBR
_cCaPaEBR
035 _a(OCoLC)844261392
050 1 4 _aGV865.M66
_bM66 2006eb
100 1 _aMoore, Gary W.
245 1 0 _aPlaying with the enemy
_h[electronic resource] :
_ba baseball prodigy, a world at war, and a field of broken dreams /
_cGary W. Moore.
260 _aNew York :
_bSavas Beatie,
_c2006.
300 _axxi, 299 p. :
_bill.
533 _aElectronic reproduction.
_bPalo Alto, Calif. :
_cebrary,
_d2011.
_nAvailable via World Wide Web.
_nAccess may be limited to ebrary affiliated libraries.
650 0 _aBaseball
_vBiography.
650 0 _aWorld War, 1939-1945
_vPersonal narratives, American.
655 7 _aElectronic books.
_2local
710 2 _aebrary, Inc.
856 4 0 _uhttp://site.ebrary.com/lib/rucke/Doc?id=10498856
_zAn electronic book accessible through the World Wide Web; click to view
999 _c132361
_d132361